Zbierka úloh z vyššej matematiky 1

Guardado en:
Detalles Bibliográficos
Autores principales: Eliaš, Jozef, Horváth, Ján (Autor), Kajan, Juraj, 1928- (Autor)
Formato: Libro
Lenguaje:eslovaco
Publicado: Bratislava Alfa 1979
Edición:5. vyd.
Materias:
Acceso en línea:Ver en el OPAC
Etiquetas: Agregar Etiqueta
Sin Etiquetas, Sea el primero en etiquetar este registro!

MARC

LEADER 00000nam a2200000 a 4500
005 20260127133932.0
008 061213s1979 xo slo d
020 |c 30.00 
035 |a vtls008907314 
035 |a LMAOSK5860 
039 9 |a 200710111003  |b mschk02  |c 200701071548  |d VLOAD  |y 200612271607  |z VLOAD 
040 |a LMAOSK  |b slo  |c LMAOSK  |d STUSCHK1 
041 0 |a slo 
080 |a 517(075.8) 
100 1 |a Eliaš, Jozef 
245 1 |a Zbierka úloh z vyššej matematiky 1  |c Jozef Eliaš 
250 |a 5. vyd. 
260 |a Bratislava  |b Alfa  |c 1979 
300 |a 291 s. viaz. 
650 0 7 |a matematika vyššia  |2 LMAOSK 
650 0 7 |a úlohy  |2 LMAOSK 
650 0 7 |a zbierky  |2 LMAOSK 
700 1 |a Horváth, Ján  |4 aut  |9 529 
700 1 |a Kajan, Juraj,  |d 1928-  |4 aut  |9 1003 
910 |a lmaosk 
910 |a SCHK95 
999 |c 392  |d 392